[Event "Gibraltar Open"]
[Site "Caleta ENG"]
[Date "2012.01.24"]
[Round "1.121"]
[White "Campos Calvo-Sotelo, Juan"]
[Black "Al Hanini, Elias"]
[Result "1/2-1/2"]
[WhiteElo "2028"]
[BlackElo "1761"]
[WhiteFideId "2251540"]
[BlackFideId "11500646"]
[EventDate "2012.01.24"]

1. b4 d5 2. e3 Nf6 3. c4 c6 4. Bb2 e6 5. a3 Be7 6. Nf3 Nbd7 7. Nc3 dxc4 8. Bxc4
b5 9. Be2 Bb7 10. O-O a6 11. d4 O-O 12. Qb3 Re8 13. Rfd1 Qb8 14. e4 Nf8 15. e5
Nd5 16. Ne4 Ng6 17. g3 f6 18. exf6 Bxf6 19. Nxf6+ Nxf6 20. Ne5 Nxe5 21. dxe5 Nd5
22. Rac1 Rf8 23. Bd4 Qe8 24. Bf3 Qg6 25. Bg2 Rf7 26. Qc2 Qxc2 27. Rxc2 Rc8 28.
Bh3 Re8 29. Rdc1 g5 30. Rxc6 Rfe7 31. Rd6 Kf7 32. Bg4 Kg6 33. Bf3 Kf5 34. h3 Kg6
35. Rc5 Nf4 36. Bxb7 Rxb7 37. gxf4 gxf4 38. Rxa6 Kf5 39. Rcc6 Rg7+ 40. Kf1 f3
41. Ra7 Rg2 42. Rxh7 Reg8 43. Rh5+ Ke4 44. Rh4+ Kd3 45. Rg4 R8xg4 46. hxg4 Kxd4
47. Rxe6 Rh2 48. Ke1 Kc3 49. Rc6+ Kd3 1/2-1/2

[Event "Gibraltar Open"]
[Site "Caleta ENG"]
[Date "2012.01.25"]
[Round "2.103"]
[White "Al Hanini, Elias"]
[Black "Marder, Simon"]
[Result "0-1"]
[WhiteElo "1761"]
[BlackElo "2032"]
[WhiteFideId "11500646"]
[BlackFideId "1704540"]
[EventDate "2012.01.24"]

1. e4 d5 2. exd5 Qxd5 3. Nc3 Qd6 4. Nf3 Nf6 5. d4 c6 6. Be2 Bf5 7. Be3 e6 8. Qd2
Qc7 9. h3 Bb4 10. a3 Ne4 11. Qc1 Bxc3+ 12. bxc3 Nxc3 13. Qb2 Nd5 14. c4 Nxe3 15.
fxe3 Qg3+ 16. Kf1 b6 17. Qb4 Nd7 18. Qd2 O-O 19. Bd3 Bxd3+ 20. Qxd3 Rad8 21. Qc2
Nf6 22. Re1 Qd6 23. a4 c5 24. Kf2 Nh5 25. h4 f5 26. Rh3 g6 27. Rd1 f4 28. e4
cxd4 29. e5 d3 30. Qc3 Qc5+ 31. Ke1 Qe3+ 32. Kf1 Ng3+ 33. Rxg3 fxg3 34. Rd2 Rd4
35. a5 Re4 0-1

[Event "Gibraltar Open"]
[Site "Caleta ENG"]
[Date "2012.01.27"]
[Round "4.124"]
[White "Al Hanini, Elias"]
[Black "Leimeister, Winfried"]
[Result "1/2-1/2"]
[WhiteElo "1761"]
[BlackElo "1918"]
[WhiteFideId "11500646"]
[BlackFideId "24653721"]
[EventDate "2012.01.24"]

1. e4 c5 2. Nf3 g6 3. d4 cxd4 4. Nxd4 Bg7 5. Nc3 Nc6 6. Be3 Nf6 7. Be2 O-O 8. g4
d5 9. exd5 Nxd5 10. Nxc6 bxc6 11. Nxd5 cxd5 12. c3 Rb8 13. Qd2 a5 14. h4 e5 15.
h5 d4 16. cxd4 exd4 17. Bh6 Qf6 18. Bxg7 Qxg7 19. Rb1 Re8 20. Kf1 Bb7 21. Rh3
Qe5 22. Re1 Bd5 23. b3 g5 24. Bf3 Qxe1+ 25. Qxe1 Rxe1+ 26. Kxe1 Be6 27. Bd1 a4
28. Rd3 axb3 29. axb3 Rb4 30. Kd2 Kg7 31. Kc2 f5 32. Kb2 fxg4 33. Ka3 Rb6 34.
Rxd4 Kh6 35. Rxg4 Bxg4 36. Bxg4 Rf6 37. f3 Kg7 38. b4 Kf8 39. b5 Rf4 40. b6 Rf6
41. b7 Ra6+ 42. Kb4 Rb6+ 43. Kc5 Rxb7 44. Kd5 Re7 45. Kd6 Re1 46. Kd5 Kg7 47.
Kd4 Kh6 48. Kd5 Rh1 49. Ke4 Rxh5 50. Bxh5 Kxh5 51. Ke3 Kh4 52. Kf2 Kh3 53. f4 g4
54. f5 Kh2 55. f6 g3+ 56. Ke2 g2 57. f7 g1=Q 58. f8=Q Qg4+ 59. Qf3 h5 60. Kf2
Qg1+ 61. Ke2 Qg2+ 62. Ke3 h4 63. Qf5 h3 64. Qf2 Kh1 65. Qe1+ Qg1+ 66. Qf2 Qg5+
67. Kf3 Qg2+ 68. Ke3 h2 69. Ke2 1/2-1/2

[Event "Gibraltar Open"]
[Site "Caleta ENG"]
[Date "2012.01.28"]
[Round "5.120"]
[White "Auvinen, Esa"]
[Black "Al Hanini, Elias"]
[Result "1-0"]
[WhiteElo "1926"]
[BlackElo "1761"]
[WhiteFideId "501069"]
[BlackFideId "11500646"]
[EventDate "2012.01.24"]

1. e4 e5 2. Nf3 Nc6 3. Bb5 Nf6 4. O-O Nxe4 5. Re1 Nd6 6. Nxe5 Be7 7. Bf1 O-O 8.
d4 Bf6 9. Bf4 Nf5 10. c3 d6 11. Nxc6 bxc6 12. Nd2 Ne7 13. Ne4 Ng6 14. Nxf6+ Qxf6
15. Bg3 Bd7 16. Qd2 Rfe8 17. Bc4 Be6 18. Bd3 Qd8 19. Qc2 Qd7 20. Qa4 Ne7 21. Qc2
g6 22. Bh4 Kg7 23. Qd2 Ng8 24. Re3 Bf5 25. Rxe8 Rxe8 26. Bc4 Be6 27. Bf1 Nf6 28.
Qg5 Qd8 29. Re1 h6 30. Qa5 Qb8 31. b3 Qb6 32. Qa3 g5 33. Bg3 Nh5 34. Qb2 Nxg3
35. hxg3 f6 36. Bd3 Bf7 37. Rxe8 Bxe8 38. Qe2 Bf7 39. Qe4 Kf8 40. Qh7 Qa5 41.
Qxh6+ Ke7 42. Qh7 Qxc3 43. Bg6 Qe1+ 44. Kh2 Qe6 45. f4 Ke8 46. fxg5 fxg5 47.
Qg8+ Ke7 48. Bxf7 Qxf7 49. Qxg5+ Ke6 50. g4 Qh7+ 51. Qh5 Qe4 52. Qf5+ Qxf5 53.
gxf5+ Ke7 54. g4 1-0

[Event "Gibraltar Open"]
[Site "Caleta ENG"]
[Date "2012.01.29"]
[Round "6.9"]
[White "Negi, Parimarjan"]
[Black "Rapport, Richard"]
[Result "1-0"]
[WhiteTitle "GM"]
[BlackTitle "GM"]
[WhiteElo "2641"]
[BlackElo "2543"]
[WhiteFideId "5016690"]
[BlackFideId "738590"]
[EventDate "2012.01.24"]

1. e4 c6 2. d4 d5 3. Nd2 dxe4 4. Nxe4 Nf6 5. Nxf6+ gxf6 6. Be3 Qb6 7. Bd3 Qxb2
8. Ne2 Qb4+ 9. c3 Qa5 10. O-O Bf5 11. Qb1 Bxd3 12. Qxb7 Bg7 13. Qxa8 O-O 14.
Rfb1 Bxb1 15. Rxb1 Nd7 16. Qxc6 Qxa2 17. Rc1 Nb6 18. Nf4 Bh6 19. Qb7 Re8 20. h3
Bg5 21. c4 Nxc4 22. Qd5 Rc8 23. h4 Bxf4 24. Bxf4 Qe2 25. Bh6 f5 26. Qb7 Re8 27.
Qb5 Rc8 28. d5 Qg4 29. Qd7 Ra8 30. Qc6 1-0

[Event "Gibraltar Open"]
[Site "Caleta ENG"]
[Date "2012.01.29"]
[Round "6.50"]
[White "Scheckenbach, Franz"]
[Black "Dukaczewski, Piotr"]
[Result "1-0"]
[BlackTitle "IM"]
[WhiteElo "2182"]
[BlackElo "2344"]
[WhiteFideId "4635647"]
[BlackFideId "1103520"]
[EventDate "2012.01.24"]

1. e4 c5 2. Nf3 d6 3. d4 cxd4 4. Nxd4 Nf6 5. Nc3 Nc6 6. Bg5 e6 7. Qd2 a6 8. Be2
Bd7 9. O-O Rc8 10. Kh1 Be7 11. Rad1 O-O 12. Nb3 Kh8 13. f4 b5 14. e5 Nd5 15.
Bxe7 Ncxe7 16. exd6 Nf5 17. Nxd5 exd5 18. Bf3 Rc6 19. Bxd5 Rxd6 20. Qf2 Bc6 21.
Bf3 Re8 22. Rxd6 Qxd6 23. Bxc6 Qxc6 24. Re1 Rd8 25. Nc5 h5 26. Ne4 h4 27. h3 f6
28. c3 a5 29. Nd2 Qd5 30. Nf3 Ng3+ 31. Kh2 g5 32. fxg5 fxg5 33. Ne5 Kg7 34. Qa7+
Kg8 35. Qe7 Nf5 36. Qxg5+ Ng7 37. Qxh4 Re8 38. Qg3 Qxa2 39. Qf2 a4 40. Qc5 Qxb2
41. Qd5+ Kh7 42. Re4 Re6 43. Rh4+ Rh6 44. Qe4+ 1-0

[Event "Gibraltar Open"]
[Site "Caleta ENG"]
[Date "2012.01.29"]
[Round "6.122"]
[White "Al Hanini, Elias"]
[Black "Zaky, Tamir"]
[Result "0-1"]
[WhiteElo "1761"]
[BlackElo "1882"]
[WhiteFideId "11500646"]
[BlackFideId "651451"]
[EventDate "2012.01.24"]

1. e4 e5 2. Nf3 Nc6 3. Bb5 a6 4. Ba4 Nf6 5. O-O b5 6. Bb3 Be7 7. Re1 Bb7 8. c3
O-O 9. d4 exd4 10. cxd4 Bb4 11. Bd2 Bxd2 12. Nbxd2 Nb4 13. Bc2 Nxc2 14. Qxc2 d5
15. e5 Ne4 16. h3 Rc8 17. Nb3 f6 18. Nfd2 fxe5 19. Nxe4 dxe4 20. Nc5 Bd5 21.
dxe5 Qg5 22. Nxe4 Qxe5 23. Nc5 Qg5 24. Ne4 Qg6 25. f3 Rxf3 26. Rad1 Bxa2 27. b3 0-1

[Event "Gibraltar Open"]
[Site "Caleta ENG"]
[Date "2012.01.30"]
[Round "7.126"]
[White "Whatley, Stephen A J"]
[Black "Al Hanini, Elias"]
[Result "0-1"]
[WhiteElo "1648"]
[BlackElo "1761"]
[WhiteFideId "420441"]
[BlackFideId "11500646"]
[EventDate "2012.01.24"]

1. e4 c5 2. Nf3 d6 3. d4 cxd4 4. Nxd4 Nf6 5. Nc3 a6 6. Be2 e5 7. Nb3 Be7 8. Be3
Be6 9. f3 b5 10. Qd2 Nc6 11. Rd1 O-O 12. Nd5 Bxd5 13. exd5 Nb8 14. O-O Qc7 15.
Rc1 Nbd7 16. Na5 Rac8 17. c4 Bd8 18. cxb5 Qxa5 19. Rxc8 Qxd2 20. Bxd2 Bb6+ 21.
Kh1 Rxc8 22. Bd3 axb5 23. Bxb5 Rc5 24. a4 Rxd5 25. Bb4 Nc5 26. Rc1 h6 27. Bc6
Nd3 28. Bxd5 Nxd5 29. Rc8+ Kh7 30. Bxd6 Nf2+ 31. Kg1 Ne4+ 32. Kh1 Nxd6 33. Rc6
Nb7 34. b4 Bd4 35. Rc4 Nb6 36. Rc7 Nxa4 37. Rxb7 f5 38. Rb5 e4 39. fxe4 fxe4 40.
Rd5 Bf2 41. g3 Bb6 42. Re5 e3 43. Kg2 Kg6 44. Kf3 Kf6 45. Rb5 g5 46. Rxb6+ Nxb6
47. Kxe3 Nd5+ 48. Kf3 Nxb4 49. h4 gxh4 50. gxh4 h5 51. Ke4 Kg6 52. Kf4 Na2 53.
Ke4 Nc1 54. Kf4 Kf6 55. Kg3 Kf5 56. Kf2 Nd3+ 57. Kf3 Nf4 58. Kg3 Ke4 59. Kf2 Ng6
60. Kg3 Ke3 61. Kg2 Kf4 62. Kh3 Ne5 63. Kg2 Kg4 64. Kf2 Kxh4 65. Kg2 Kg4 66. Kh2
Nd3 67. Kg2 h4 68. Kh2 Nf4 69. Kh1 Kg3 70. Kg1 Nh3+ 71. Kh1 Nf2+ 72. Kg1 h3 0-1

[Event "Gibraltar Open"]
[Site "Caleta ENG"]
[Date "2012.02.01"]
[Round "9.109"]
[White "Pasanen, Tuomo"]
[Black "Al Hanini, Elias"]
[Result "1-0"]
[WhiteElo "2008"]
[BlackElo "1761"]
[WhiteFideId "508063"]
[BlackFideId "11500646"]
[EventDate "2012.01.24"]

1. e4 e5 2. Nf3 Nc6 3. d4 exd4 4. Nxd4 Bc5 5. Nb3 Bb6 6. Nc3 d6 7. Qe2 Be6 8.
Be3 Nf6 9. f3 Bxe3 10. Qxe3 a6 11. O-O-O Qe7 12. g4 Nd7 13. Be2 Bxb3 14. axb3
O-O-O 15. Nd5 Qe5 16. f4 Qe6 17. Bc4 Na5 18. Nb6+ Nxb6 19. Bxe6+ fxe6 20. Qc3
Nc6 21. Qxg7 Rhg8 22. Qxh7 Rxg4 23. Rhg1 Rxf4 24. Rdf1 Rxf1+ 25. Rxf1 Ne5 26. h4
Nbd7 27. h5 Nf8 28. Qg7 Ned7 29. h6 e5 30. Rf7 Ne6 31. Rxd7 1-0

[Event "Gibraltar Open"]
[Site "Caleta ENG"]
[Date "2012.02.02"]
[Round "10.8"]
[White "Howell, David W L"]
[Black "Shirov, Alexei"]
[Result "1/2-1/2"]
[WhiteTitle "GM"]
[BlackTitle "GM"]
[WhiteElo "2603"]
[BlackElo "2710"]
[WhiteFideId "410608"]
[BlackFideId "2209390"]
[EventDate "2012.01.24"]

1. e4 e6 2. d4 d5 3. Nd2 Nf6 4. e5 Nfd7 5. Bd3 c5 6. c3 Nc6 7. Ngf3 Rb8 8. a3 b5
9. Nf1 cxd4 10. cxd4 b4 11. Ng3 bxa3 12. bxa3 Ba6 13. O-O Bxd3 14. Qxd3 Be7 15.
Nh5 O-O 16. h4 g6 17. Nf4 Na5 18. h5 Rb3 19. Qd1 Qb6 20. Nd2 Rb5 21. hxg6 hxg6
22. Qc2 Kg7 23. a4 Rb4 24. Ba3 Qxd4 25. Qxg6+ fxg6 26. Nxe6+ Kf7 27. Nxd4 Rxd4
28. e6+ Kxe6 29. Rfe1+ Ne5 30. Bxe7 Kxe7 31. Rxe5+ Kd6 32. Re2 Rff4 33. Rae1 Rf6
34. Ra1 Rxd2 35. Rxd2 Nb3 36. Rdd1 Nxa1 37. Rxa1 Kc5 38. Kf1 Re6 39. Re1 Ra6 40.
Ra1 Kb4 41. Rd1 Kc5 42. Rc1+ Kd6 43. Ra1 d4 44. a5 Kd5 45. Ke2 Rc6 46. Kd2 a6
47. Rb1 Rc5 48. Rb6 Rxa5 49. Rxg6 Ra2+ 50. Kd3 Ra3+ 51. Kd2 a5 52. Rg8 Ra2+ 53.
Kd3 Ke5 1/2-1/2

[Event "Gibraltar Open"]
[Site "Caleta ENG"]
[Date "2012.02.02"]
[Round "10.13"]
[White "Fridman, Daniel"]
[Black "Al-Sayed, Mohammed"]
[Result "1-0"]
[WhiteTitle "GM"]
[BlackTitle "GM"]
[WhiteElo "2660"]
[BlackElo "2524"]
[WhiteFideId "11600454"]
[BlackFideId "12100196"]
[EventDate "2012.01.24"]

1. c4 Nf6 2. Nc3 g6 3. g3 Bg7 4. Bg2 O-O 5. d4 c5 6. d5 d6 7. Nf3 e6 8. O-O exd5
9. cxd5 a6 10. a4 Re8 11. h3 Ne4 12. Nxe4 Rxe4 13. Bg5 Qc7 14. Ne1 Re8 15. Qc2
Bd7 16. Nd3 a5 17. e4 Na6 18. Bd2 c4 19. Nf4 Nb4 20. Qc1 Rac8 21. Ra3 b5 22.
axb5 Bxb5 23. Bc3 Nd3 24. Qd2 a4 25. h4 Qe7 26. Ne2 Bxc3 27. Nxc3 Qb7 28. h5 Bd7
29. Rb1 Ra8 30. Bf1 Ne5 31. Be2 Qb6 32. Kg2 f6 33. hxg6 Nxg6 34. Bxc4 Re7 35.
Bd3 Rg7 36. Rh1 Rb8 37. Ra2 Qd4 38. Ne2 Qc5 39. Qc3 Qxc3 40. bxc3 Ne5 41. Bc2
Bg4 42. Nd4 Rc7 43. Bxa4 Rxc3 44. Bd1 Bd7 45. Be2 Rb4 46. Ra8+ Rc8 47. Rxc8+
Bxc8 48. Rd1 Bd7 49. Rd2 Kf7 50. f3 h5 51. f4 Ng4 52. Bxg4 Bxg4 53. Kf2 Ra4 54.
Ke3 Ra3+ 55. Rd3 Ra2 56. Nc6 Re2+ 57. Kd4 Rf2 58. e5 h4 59. e6+ Kg6 60. f5+ Bxf5
61. Ne7+ Kg7 62. Nxf5+ Rxf5 63. Re3 Kf8 64. gxh4 Rf4+ 65. Re4 Rf1 66. Rg4 f5 67.
Rg5 f4 68. Rf5+ Ke8 69. Ke4 1-0

[Event "Gibraltar Open"]
[Site "Caleta ENG"]
[Date "2012.02.02"]
[Round "10.16"]
[White "Stefanova, Antoaneta"]
[Black "Iturrizaga, Eduardo"]
[Result "1/2-1/2"]
[WhiteTitle "GM"]
[BlackTitle "GM"]
[WhiteElo "2523"]
[BlackElo "2649"]
[WhiteFideId "2902257"]
[BlackFideId "3901211"]
[EventDate "2012.01.24"]

1. d4 e6 2. c4 Nf6 3. Nf3 b6 4. g3 Bb7 5. Bg2 Be7 6. O-O O-O 7. Nc3 Ne4 8. Qc2
Nxc3 9. Qxc3 Be4 10. Rd1 Bf6 11. Bf4 d6 12. Qe3 Bb7 13. Qd3 Nc6 14. d5 Ne7 15.
Ng5 Bxg5 16. Bxg5 e5 17. b4 h6 18. Bd2 f5 19. f4 Ng6 20. Rf1 Qe7 21. Rae1 e4 22.
Qd4 Rf7 23. a4 Nf8 24. Ra1 c5 25. Qb2 Nd7 26. a5 Rff8 27. Ra3 Ba6 28. b5 Bb7 29.
Rfa1 Rab8 30. axb6 axb6 31. Ra7 h5 32. Bh3 Kh7 33. R1a3 Kg6 34. Bg2 Nf6 35. h3
Rh8 36. Bc3 h4 37. g4 fxg4 38. Bxf6 Qxf6 39. Bxe4+ Kh5 40. Qxf6 gxf6 41. Bf5
gxh3 42. Bxh3 Bc8 43. f5 Rb7 44. Rxb7 Bxb7 45. Re3 Bc8 46. Re7 Rg8+ 47. Kf2 Rg3
48. Rh7+ Kg5 49. Rg7+ Kh6 50. Rxg3 hxg3+ 51. Kxg3 Kg5 52. e4 Bd7 1/2-1/2

[Event "Gibraltar Open"]
[Site "Caleta ENG"]
[Date "2012.02.02"]
[Round "10.18"]
[White "David, Alberto"]
[Black "Salem, A.R. Saleh"]
[Result "0-1"]
[WhiteTitle "GM"]
[BlackTitle "GM"]
[WhiteElo "2598"]
[BlackElo "2505"]
[WhiteFideId "4000013"]
[BlackFideId "9301348"]
[EventDate "2012.01.24"]

1. c4 Nf6 2. Nc3 d5 3. cxd5 Nxd5 4. g3 Nb6 5. Bg2 g6 6. d3 Bg7 7. Be3 Nc6 8.
Bxc6+ bxc6 9. Qd2 h5 10. Nf3 Bh3 11. Ng5 Bg2 12. Rg1 Bd5 13. Rc1 O-O 14. Nge4 f5
15. Nc5 Kh7 16. b3 Bg8 17. d4 Qe8 18. Nd3 Rd8 19. Qb2 Nd7 20. f4 c5 21. Na4 Nf6
22. Ne5 Ng4 23. Nxg4 cxd4 24. Ne5 Bxe5 25. fxe5 dxe3 26. Qc3 f4 27. gxf4 Rxf4
28. Qxe3 Rdd4 29. Nc5 Qb5 30. Qc3 Rc4 31. bxc4 Qxc5 32. Rg5 Qf2+ 0-1

[Event "Gibraltar Open"]
[Site "Caleta ENG"]
[Date "2012.02.02"]
[Round "10.20"]
[White "Cramling, Pia"]
[Black "Kulaots, Kaido"]
[Result "1/2-1/2"]
[WhiteTitle "GM"]
[BlackTitle "GM"]
[WhiteElo "2491"]
[BlackElo "2581"]
[WhiteFideId "1700030"]
[BlackFideId "4500261"]
[EventDate "2012.01.24"]

1. d4 Nf6 2. Nf3 e6 3. c4 Nc6 4. Nc3 Bb4 5. Qc2 d6 6. Bd2 O-O 7. a3 Bxc3 8. Bxc3
Qe7 9. e3 e5 10. dxe5 dxe5 11. Be2 a5 12. b3 Re8 13. O-O Bg4 14. Rfd1 Bh5 15.
Qb2 Ne4 16. Be1 Nc5 17. Rd5 Bg6 18. b4 Nd3 19. Bxd3 Bxd3 20. Rxd3 e4 21. Rd5
exf3 22. Bc3 f6 23. Rad1 axb4 24. axb4 Qe4 25. h3 fxg2 26. Qe2 Ra3 27. b5 Rxc3
28. bxc6 bxc6 29. R5d4 Qf5 30. Kxg2 Rc2 31. Qf3 Qxf3+ 32. Kxf3 Re7 33. h4 h5 34.
Ra1 Re5 35. Rf4 Rc5 36. Ra4 Kf7 37. Kg3 Rc1 38. Rd4 Ke6 39. Re4+ Kf7 40. Rd4 Ke6
41. Re4+ Re5 42. Rd4 c5 43. Rf4 Rd1 44. Ra8 Ke7 45. Rg8 Kf7 46. Rc8 Rd7 47. Kf3
Rde7 48. Ra8 Kg6 49. Ra5 R7e6 50. Ra7 Re7 51. Ra5 Kf7 52. Ra8 Ke6 53. Rd8 c6 54.
Rd1 Rd7 55. Rxd7 Kxd7 56. Ke2 Ke6 57. Kd3 f5 58. Rf3 Re4 59. Rh3 Rg4 60. f3 Rg1
61. f4 Kd6 62. Rh2 Ra1 63. Rh3 Ke6 64. Rg3 Kf6 65. Rh3 g6 66. Kc3 Rg1 67. Kd3
Ke6 68. Rh2 Kd6 69. Ke2 Kc7 70. Kd3 Kb6 71. Kc3 Rc1+ 72. Kb3 Re1 73. Rh3 Rg1 74.
Kc3 Ka5 75. Rh2 Ra1 76. Kb3 Re1 77. Rh3 Rb1+ 78. Kc2 Rb4 79. Rg3 Rxc4+ 80. Kd2
Ra4 81. Rxg6 Kb4 82. Rxc6 Kc4 83. Ke2 Ra2+ 84. Kf3 Rh2 85. Kg3 Rh1 86. Rf6 Kd3
87. Rxf5 c4 88. Rd5+ Kxe3 89. Rxh5 c3 90. Rc5 Kd3 91. f5 c2 92. Rxc2 Kxc2 93.
Kf4 Kd3 94. Ke5 Re1+ 95. Kd6 Rf1 96. Ke6 Re1+ 97. Kd6 Ke4 98. f6 Kf5 99. f7 Re6+
100. Kd7 Rf6 101. Ke7 Re6+ 102. Kd7 Rf6 1/2-1/2

[Event "Gibraltar Open"]
[Site "Caleta ENG"]
[Date "2012.02.02"]
[Round "10.24"]
[White "Zhukova, Natalia"]
[Black "Koneru, Humpy"]
[Result "1/2-1/2"]
[WhiteTitle "GM"]
[BlackTitle "GM"]
[WhiteElo "2426"]
[BlackElo "2589"]
[WhiteFideId "14101513"]
[BlackFideId "5008123"]
[EventDate "2012.01.24"]

1. d4 d5 2. c4 e6 3. Nf3 Nf6 4. Nc3 Bb4 5. Bg5 Nbd7 6. cxd5 exd5 7. e3 c5 8.
dxc5 Qa5 9. Nd2 Bxc3 10. bxc3 O-O 11. Qc2 Qxc5 12. Be2 Ne4 13. Nxe4 dxe4 14. Bh4
b6 15. O-O Bb7 16. Rab1 Qc6 17. Bb5 Qh6 18. Bxd7 Qxh4 19. Rfd1 f5 20. c4 f4 21.
c5 fxe3 22. Qb3+ Kh8 23. Qxe3 Rad8 24. c6 Bc8 25. Rd4 Qf6 26. Rbd1 h6 27. h3
Bxd7 28. cxd7 Rf7 29. Rd6 Qf5 30. R1d5 Qf4 31. Qxf4 Rxf4 32. Re6 Kg8 33. Re8+
Rf8 34. Rxe4 Rf7 35. Red4 Kf8 36. f4 Ke7 37. f5 Rf6 38. Re4+ Kf7 39. Ra4 a5 40.
Rc4 Ke7 41. Rg4 Kf8 42. a4 Rc6 43. Kh2 Rc7 44. f6 Rdxd7 45. Rxd7 Rxd7 46. fxg7+
Rxg7 47. Rxg7 Kxg7 48. Kg3 b5 49. axb5 a4 50. b6 a3 51. b7 a2 52. b8=Q a1=Q 53.
Qc7+ Kg6 54. Qd6+ Kg7 55. Qe7+ Kg6 56. Qe4+ Kg7 57. Kg4 Qd1+ 58. Kf4 Qd2+ 59.
Kg3 1/2-1/2

[Event "Gibraltar Open"]
[Site "Caleta ENG"]
[Date "2012.02.02"]
[Round "10.28"]
[White "Pavlovic, Milos"]
[Black "Adnani, Mokhlis"]
[Result "1-0"]
[WhiteTitle "GM"]
[WhiteElo "2531"]
[BlackElo "2386"]
[WhiteFideId "900389"]
[BlackFideId "9000100"]
[EventDate "2012.01.24"]

1. Nf3 Nf6 2. c4 g6 3. Nc3 d5 4. d4 Bg7 5. cxd5 Nxd5 6. e4 Nxc3 7. bxc3 c5 8.
Be3 Qa5 9. Qd2 cxd4 10. cxd4 Qxd2+ 11. Kxd2 O-O 12. Rb1 Rd8 13. Bd3 e6 14. h4 h6
15. Rhc1 Nc6 16. e5 Ne7 17. Ke2 b6 18. g4 Bf8 19. Nd2 Nd5 20. Ne4 Bb7 21. f4 Kg7
22. h5 Rac8 23. Rxc8 Rxc8 24. Bd2 a5 25. g5 gxh5 26. gxh6+ Kh8 27. Ng5 Rc7 28.
h7 Nb4 29. Rc1 Re7 30. Be4 Bxe4 31. Nxe4 Kxh7 32. Nf6+ Kh8 33. f5 exf5 34. a3
Nd5 35. Nxd5 Rd7 36. Nf6 Rxd4 37. Rc8 Kg7 38. Nxh5+ Kg6 39. Nf4+ Kg7 40. Nh5+
Kg6 41. Rxf8 Kxh5 42. Rxf7 Ra4 43. Rxf5+ 1-0

[Event "Gibraltar Open"]
[Site "Caleta ENG"]
[Date "2012.02.02"]
[Round "10.32"]
[White "Muzychuk, Mariya"]
[Black "Coleman, Teddy"]
[Result "1-0"]
[WhiteTitle "IM"]
[BlackTitle "FM"]
[WhiteElo "2483"]
[BlackElo "2356"]
[WhiteFideId "14114550"]
[BlackFideId "2022010"]
[EventDate "2012.01.24"]

1. e4 c6 2. d4 d5 3. f3 dxe4 4. fxe4 e5 5. Nf3 Bg4 6. Bc4 Nd7 7. O-O Ngf6 8. Be3
Bd6 9. Nbd2 O-O 10. c3 exd4 11. cxd4 c5 12. d5 Qc7 13. h3 Bxf3 14. Qxf3 Ne5 15.
Qf5 Ng6 16. Bg5 Nh5 17. Qf3 Bh2+ 18. Kf2 Ng3 19. Rfe1 Qe5 20. Qe3 f5 21. d6+ Kh8
22. exf5 Qxb2 23. Reb1 Rxf5+ 24. Ke1 Qe5 25. Nf3 Qxd6 26. Rxb7 Ne5 27. Rd1 Nxf3+
28. gxf3 Qg6 29. h4 Rff8 30. Rdd7 Rae8 31. Be7 Nf5 32. Bd3 Qg3+ 33. Qf2 Qf4 34.
Kd1 Ne3+ 35. Ke2 Nf5 36. Qxc5 Nxh4 37. Qe3 Qg3 38. Be4 Nf5 39. Bxf8 Nxe3 40.
Bxg7+ Kg8 41. Bxh7+ Kxh7 42. Be5+ Kg8 43. Bxg3 Nf5+ 44. Kd3 Bxg3 45. Rxa7 Bd6
46. Kc4 Bf8 47. Ra5 Nd6+ 48. Kd3 Re6 49. a4 Nf7 50. f4 Rf6 51. Ke4 Kg7 52. Rf5
Bb4 53. a5 Bxa5 54. Rxa5 Kg6 55. Rda7 Re6+ 56. Kf3 Re1 57. R5a6+ 1-0

[Event "Gibraltar Open"]
[Site "Caleta ENG"]
[Date "2012.02.02"]
[Round "10.34"]
[White "Hunt, Adam C"]
[Black "Tabatt, Hendrik"]
[Result "1-0"]
[WhiteTitle "IM"]
[WhiteElo "2462"]
[BlackElo "2281"]
[WhiteFideId "403970"]
[BlackFideId "4653572"]
[EventDate "2012.01.24"]

1. e4 e5 2. Nf3 Nc6 3. Bb5 Nf6 4. O-O Bc5 5. c3 O-O 6. d4 Bb6 7. Qd3 d6 8. Bg5
h6 9. Bh4 Qe7 10. Nbd2 Bd7 11. a4 a6 12. Bc4 Rad8 13. Rfe1 g6 14. Nf1 Nb8 15. a5
Ba7 16. Rad1 Bc8 17. Qe3 Kh7 18. Bxf6 Qxf6 19. dxe5 Bxe3 20. exf6 Ba7 21. e5 Nc6
22. exd6 Rxd6 23. Rxd6 cxd6 24. b4 Bg4 25. N1d2 Kg8 26. Bd5 Rd8 27. h3 Be6 28.
Bxe6 fxe6 29. Rxe6 Kf7 30. Re2 d5 31. Nb3 Kxf6 32. Rd2 Ne5 33. Nxe5 Kxe5 34. Kf1
Rc8 35. Rd3 Rf8 36. f3 h5 37. h4 Rc8 38. g3 Kd6 39. f4 Rc7 40. Kg2 Kc6 41. Kf3
Kb5 42. Nd2 d4 43. cxd4 Kxb4 44. d5 Rd7 45. g4 hxg4+ 46. Kxg4 Kc5 47. d6 Kc6 48.
Nc4 Kc5 49. Nd2 Kc6 50. Ne4 Bb8 51. h5 gxh5+ 52. Kxh5 Rd8 53. f5 Re8 54. Rc3+ 1-0

[Event "Gibraltar Open"]
[Site "Caleta ENG"]
[Date "2012.02.02"]
[Round "10.35"]
[White "Soumya, Swaminathan"]
[Black "Aloma Vidal, Robert"]
[Result "1/2-1/2"]
[WhiteTitle "WGM"]
[BlackTitle "IM"]
[WhiteElo "2280"]
[BlackElo "2431"]
[WhiteFideId "5016193"]
[BlackFideId "2260409"]
[EventDate "2012.01.24"]

1. e4 c5 2. Nf3 Nf6 3. Nc3 d5 4. e5 Nfd7 5. d4 e6 6. Ne2 Nc6 7. c3 Qb6 8. g3
cxd4 9. cxd4 f6 10. exf6 Nxf6 11. Bg2 Bb4+ 12. Kf1 O-O 13. Bf4 Ne4 14. Kg1 e5
15. Be3 exd4 16. Nfxd4 Bc5 17. b4 Bxd4 18. Nxd4 Nxd4 19. Qxd4 Qxd4 20. Bxd4 a5
21. f3 Ng5 22. f4 Nh3+ 23. Bxh3 Bxh3 24. bxa5 Rfc8 25. Kf2 Rc2+ 26. Ke3 Rxa5 27.
a3 Bd7 28. Rhb1 Bc6 29. Rb2 Rc4 30. Rb3 Raa4 31. Rd1 Rc2 32. h4 g6 33. Rdd3 Kf7
34. Rb2 Rxb2 35. Bxb2 Re4+ 36. Kf2 Ke6 37. Rd4 Kf5 38. Kf3 Rxd4 39. Bxd4 h5 40.
Ke3 Ba4 41. Be5 Bc2 42. Bd4 Ke6 43. Be5 Kd7 44. Kd4 Kc6 45. Bf6 Be4 46. Be5 Bh1
47. Bg7 Kd6 48. Be5+ Kd7 49. Bg7 Ke7 50. Be5 Ke6 51. Ke3 Kf5 52. Bd4 Bg2 53. Be5
Ke6 1/2-1/2

[Event "Gibraltar Open"]
[Site "Caleta ENG"]
[Date "2012.02.02"]
[Round "10.39"]
[White "Wantiez, Fabrice"]
[Black "Huschenbeth, Niclas"]
[Result "0-1"]
[WhiteTitle "FM"]
[BlackTitle "IM"]
[WhiteElo "2366"]
[BlackElo "2518"]
[WhiteFideId "202274"]
[BlackFideId "24604747"]
[EventDate "2012.01.24"]

1. e4 c5 2. Nf3 d6 3. d4 cxd4 4. Nxd4 Nf6 5. Nc3 a6 6. h3 e6 7. g4 Be7 8. Bg2
Nfd7 9. O-O O-O 10. a4 Nc6 11. Nb3 Qc7 12. f4 b6 13. g5 Bb7 14. f5 Rfe8 15. fxe6
fxe6 16. Qh5 g6 17. Qg4 Bf8 18. Bf4 Bg7 19. Qg3 Nde5 20. Rad1 Nb4 21. Rf2 Rad8
22. h4 Nc4 23. Bc1 Be5 24. Qh3 d5 25. exd5 exd5 26. h5 Bc8 27. Qh1 Be6 28. hxg6
hxg6 29. Nd4 Bf7 30. Nce2 Re7 31. c3 Nc6 32. Rxf7 Rxf7 33. Ne6 Qe7 34. Bxd5 Qxe6
35. b3 Bh2+ 36. Kxh2 Qxe2+ 37. Kg3 Qf2+ 38. Kh3 Kg7 0-1